000 00482nam a2200205Ia 4500
003 OSt
005 20251212120507.0
008 250729s2005 xx 000 0 und d
020 _a978-8174884947
040 _cAL
041 _aeng
082 _a301.07 NANS
100 _aNanda V K
_9226985
245 _aSocialisation and education
260 _aNew Delhi
_c2005
300 _a196p
650 _aSociology
_9226986
700 _aRao Digumurthi
_9226987
942 _2ddc
_cBED
999 _c237491
_d237491